World Map with Countries Replaced by States - Statistics

General Stats
  • This quiz has been taken 25,093 times
    25,056 since last reset
  • The average score is 10 of 20
Answers on the Map
Answers color-coded by a green-red scale on the quiz's map according to % correct below.
 
Answer Stats
Replaced with Country % Correct
Indiana Finland
81%
Tennessee Portugal
73%
Minnesota Papua New Guinea
71%
Wisconsin South Korea
63%
Finland Indiana
58%
Papua New Guinea Minnesota
55%
Louisiana Guinea
53%
South Carolina Uruguay
52%
New Jersey Tunisia
49%
Guinea Louisiana
48%
Tunisia New Jersey
46%
Portugal Tennessee
46%
Benin Vermont
44%
Vermont Benin
43%
South Korea Wisconsin
43%
California Oman
41%
Oman California
40%
Connecticut Jamaica
38%
Jamaica Connecticut
37%
Uruguay South Carolina
28%
No matching quizzes found
Score Distribution
Percent of People with Each Score
Percentile by Number Answered
Your Score History
You have not taken this quiz since the last reset